|
|
|
|
| LEADER |
00000nab a2200000 a 4500 |
| 001 |
vtls000057516 |
| 003 |
SK-MaSNL |
| 005 |
20260303030619.0 |
| 008 |
111031c1979 xo 0 slo |
| 015 |
|
|
|a SNBRA19rr/mm-uuuuu
|
| 035 |
|
|
|a CL0067613
|
| 040 |
|
|
|a SNKBUCL
|b slo
|c SNKBUCL
|e AACR2
|
| 041 |
0 |
|
|a slo
|
| 044 |
|
|
|a xo
|c SK
|
| 080 |
|
|
|a 636
|2 1981
|
| 080 |
|
|
|a 061.6
|2 1981
|
| 100 |
1 |
|
|a Granát, Jaroslav,
|d 1931-1999
|4 aut
|9 38896
|
| 245 |
1 |
0 |
|a Otvorenie nového areálu Výskumného ústavu živočíšnej výroby v Nitre
|c Jaroslav Granát
|
| 650 |
0 |
7 |
|a živočíšna výroba
|2 snkbucl
|9 2836
|
| 650 |
0 |
7 |
|a Výskumný ústav živočíšnej výroby (Nitra, Slovensko)
|2 snkbucl
|9 901893
|
| 651 |
|
7 |
|a 5206
|2 snkbucl
|9 283253
|
| 655 |
|
7 |
|a články zo zborníkov
|2 snkbucl
|9 166140
|
| 773 |
0 |
|
|t Informačná správa
|d Nitra : Výsk, ústav živočíšnej výroby, 1979
|
| 850 |
|
|
|a Slovenská národná knižnica v Martine
|a MTA001
|
| 852 |
|
|
|a SNK
|b KIS3GCP
|
| 958 |
|
|
|a RK
|
| 992 |
|
|
|a RZB
|
| 999 |
|
|
|c 1653318
|d 1655248
|